English poetry of the seventeenth century / (Record no. 20381)
[ view plain ]
| 000 -LEADER | |
|---|---|
| fixed length control field | 01010cam a22002895a 4500 |
| 001 - CONTROL NUMBER | |
| control field | 4379844 |
| 005 - DATE AND TIME OF LATEST TRANSACTION | |
| control field | 20160121111754.0 |
| 008 - FIXED-LENGTH DATA ELEMENTS--GENERAL INFORMATION | |
| fixed length control field | 910924s1996 enk frb 001 0deng d |
| 020 ## - INTERNATIONAL STANDARD BOOK NUMBER | |
| International Standard Book Number | 0582084377 |
| 020 ## - INTERNATIONAL STANDARD BOOK NUMBER | |
| International Standard Book Number | 9780582084377 |
| 040 ## - CATALOGING SOURCE | |
| Original cataloging agency | DLC |
| Language of cataloging | eng |
| Transcribing agency | DLC |
| Modifying agency | DLC |
| -- | EG-ScBUE |
| -- | EG-ScBUE |
| 082 04 - DEWEY DECIMAL CLASSIFICATION NUMBER | |
| Classification number | 821.509 |
| Item number | PAR |
| Edition number | 22 |
| 100 1# - MAIN ENTRY--PERSONAL NAME | |
| Personal name | Parfitt, George A. E. |
| 9 (RLIN) | 39126 |
| 245 10 - TITLE STATEMENT | |
| Title | English poetry of the seventeenth century / |
| Statement of responsibility, etc | George Parfitt. |
| 250 ## - EDITION STATEMENT | |
| Edition statement | 2nd ed. |
| 260 ## - PUBLICATION, DISTRIBUTION, ETC. (IMPRINT) | |
| Place of publication, distribution, etc | Harlow ; |
| -- | New York : |
| Name of publisher, distributor, etc | Addison Wesley Longman Limited, |
| Date of publication, distribution, etc | 1996. |
| 300 ## - PHYSICAL DESCRIPTION | |
| Extent | xiii, 288 p. ; |
| Dimensions | 22 cm. |
| 490 0# - SERIES STATEMENT | |
| Series statement | Longman literature in English series |
| 500 ## - GENERAL NOTE | |
| General note | Index : p. 283-288. |
| 500 ## - GENERAL NOTE | |
| General note | Cover : "A Pearson education print on demand edition". |
| 504 ## - BIBLIOGRAPHY, ETC. NOTE | |
| Bibliography, etc | Includes bibliographical references. |
| 650 #0 - SUBJECT ADDED ENTRY--TOPICAL TERM | |
| Topical term or geographic name as entry element | English poetry |
| Chronological subdivision | Early modern, 1500-1700 |
| General subdivision | History and criticism. |
| Source of heading or term | BUEsh |
| 650 #0 - SUBJECT ADDED ENTRY--TOPICAL TERM | |
| Topical term or geographic name as entry element | Aesthetics, Modern |
| Chronological subdivision | 17th century. |
| Source of heading or term | BUEsh |
| 651 ## - SUBJECT ADDED ENTRY--GEOGRAPHIC NAME | |
| Source of heading or term | BUEsh |
| 653 ## - INDEX TERM--UNCONTROLLED | |
| Resource For college | |
| Arrived date list | July2015 |
| -- | January2016 |
| 942 ## - ADDED ENTRY ELEMENTS (KOHA) | |
| Source of classification or shelving scheme | Dewey Decimal Classification |
| Withdrawn status | Lost status | Source of classification or shelving scheme | Damaged status | Not for loan | Koha collection | Home library | Current library | Shelving location | Date acquired | Source of acquisition | Cost, normal purchase price | Serial Enumeration / chronology | Total Checkouts | Full call number | Barcode | Date last seen | Cost, replacement price | Koha item type |
|---|---|---|---|---|---|---|---|---|---|---|---|---|---|---|---|---|---|---|
| Dewey Decimal Classification | Baccah | Central Library | Central Library | Second Floor | 30/07/2015 | Purchase | 445.00 | 21782 | 821.509 PAR | 000030674 | 15/07/2025 | 556.00 | Book - Borrowing |